Представление документа в формате RUSMARC

ПолеНазваниеЗначение
  Тип записи a
  Библиографический уровень a
001 Контрольный номер RU/CBS_UL/BASE/648956867
005 Дата корректировки 20240209175244.7
100 Данные общей обработки __
a Данные общей обработки 20200725d2020 ||| 0rusy0189 ca
101 Язык документа 0_
a Язык текста rus
102 Страна публикации __
a Страна публикации RU
105 Кодированные данные (монография) __
a Кодированные данные (монография) y###||||000|y
181 Поле кодированных данных: вид содержания _1
a Код вида содержания (ISBD) i#
b Код характеристики содержания (ISBD) #xxe##
d i
g x
h x
i e
2 Код системы (источник кода, отличный от ISBD) isbdcontent
182 Поле кодированных данных: тип средства _1
a Код типа средства (ISBD) n
2 Код системы (источник кода, отличный от ISBD) isbdmedia
200 Заглавие и сведения об ответственности 1_
a Заглавие Пьедестал
b Общее обозначение материала Текст
e Сведения, относящиеся к заглавию [о писателе А.Г. Битове и его отношении к спорту]
f Первые сведения об ответственности С. Шмитько
w Текст (визуальный) : непосредственный
203 Вид содержания и тип средства __
a Вид содержания Текст
b Характеристика содержания визуальный
c Тип средства непосредственный
333 Примечание о целевом назначении __
a Примечание о целевом назначении 12+
461 Уровень набора _0
1 2000
a Физкультура и спорт
463 Уровень физической единицы _0
1 001RU/CBS_UL/BASE/642967472
1 2000
a № 11
v С. 30
1 210
d 2019
600 Персоналии _0
a Персоналии (Фамилия) Битов
b Персоналии (Имя, инициалы) А.Г.
606 Тематические рубрики 0_
a Основная рубрика Битов, Андрей Георгиевич (1937-2018)
610 Ключевые слова 0_
a Ключевые слова литература русская
a Ключевые слова писатели русские
a Ключевые слова отечественные писатели
a Ключевые слова семидесятники
a Ключевые слова творческие достижения
a Ключевые слова общественная деятельность
a Ключевые слова тема спорта
a Ключевые слова биографии
686 Индексы других классификаций __
a Классификационный индекс 83.3(2Рос=Рус)6
2 Код системы rubbk
700 Автор _1
a Фамилия Шмитько
b Имя (инициалы) С.
801 Источник записи _0
a Страна RU
b Организация МБУК ЦБС г. Ульяновска
c Дата составления 20200725
g Правила каталогизации RCR
801 Источник записи _1
a Страна RU
b Организация МБУК ЦБС г. Ульяновска
c Дата составления 20200725
g Правила каталогизации RCR
901 Тип документа __
t Тип документа b
w Контрольный № источника RU/CBS_UL/BASE/642967472
910 Корректоры записи __
a Корректор записи Библиотека 1-2
938 Служебная информация __
a Имя БД period